000 00958cam a22002055a 4500
001 E141300
008 050923s2007 xxk f 000 0 eng u
020 _a9781904829614
035 _a(Sirsi) u141300
041 0 _aeng
050 0 4 _a692.5 $2 18
245 0 0 _aBCIS Wessex estimating price book: alterations & refurbishment
_b2008
250 _a13th ed.
260 _aPoole
_bWessex
_c2007
520 2 _aIncludes nearly 5,000 fully updated materials prices, almost 12,500 built-up work items and over 600 approximate estimating prices. A free pricing system CD is also available with the book. Contains unit rates, labour hours, material prices and waste factors, plant time, hire rates, detailed approximate estimating, preliminaries and day works, as well as a comprehensive memoranda list.
520 _aSuperseded by 14th ed. (ISBN 9781904829836)
690 _aBUILT ENVIRONMENT-BUILDING COSTS
700 1 _aBarnett, N.P.
_eEditor
942 _n0
999 _c107626
_d107626